000 00523nam a2200169Ia 4500
008 090711s9999 xx 000 0 und d
082 _b9211
100 _aखेर भा. द.
245 _aSाारित्र दर्शन
260 _b"केसरी मुद्रणालय,"
_c1960
300 _a144
600 _aखेर भा. द.
630 _aSाारित्र दर्शन
700 _aखेर भा. द.
730 _aSाारित्र दर्शन
942 _cBOOK
999 _c288325
_d288325